| 000 -Etiqueta do registo | |
|---|---|
| campo de controlo de comprimento fixo | 006930000a22002290004500 |
| 001 - Identificador do registo | |
| Campo de controlo | 51229 |
| 010 ## - ISBN | |
| Número (ISBN) | 978-989-552-382-5 |
| 021 ## - Nº depósito legal | |
| Código do país | Portugal |
| Número | 279252/08 |
| 100 ## - Dados Gerais de Proc. | |
| Dados gerais de processamento | 20111230d2011 e y0pory5003 ba |
| 101 0# - Língua da publicação | |
| Língua do texto, banda sonora, etc. | Português |
| 102 ## - País de Publicação | |
| País de publicação | Portugal |
| 200 1# - Título | |
| Título próprio | O rapaz perdido |
| Primeira menção de responsabilidade | THomas Wolf |
| Outras menções de responsabilidade | trad. Maria Correia |
| 210 ## - Publicação, Distribuição | |
| Lugar da edição, distribuição, etc. | Vila Nova de Famalicão |
| Nome do editor, distribuidor, etc. | Quasi |
| Data da publicação, distribuição, etc. | 2008 |
| 215 ## - Descrição física | |
| Descrição física | 93 p. |
| 606 ## - Nome comum | |
| Koha Internal code | 2081 |
| Elemento de entrada | Literatura estrangeira |
| Subdivisão de assunto | Conto |
| 675 ## - CDU | |
| Notação | 821.111(73)-34"19" |
| Edição | BN |
| Língua da edição | Português |
| 700 #1 - Responsabilidade principal | |
| Koha Internal Code | 48023 |
| Palavra de ordem | Wolfe |
| Outra parte do nome | Thomas |
| Datas | 1900-1938 |
| 702 #1 - Responsabilidade secundária | |
| Koha Internal Code | 15224 |
| Código de função | Tradutor |
| Palavra de ordem | Correia |
| Outra parte do nome | Maria |
| 801 ## - Fonte de origem | |
| País | Portugal |
| Agência | BN |
| Data da última transacção | 20111230 |
| 090 ## - Números de controlo do sistema (Koha) | |
| Número biblioitem do Koha (gerado automaticamente) | 51229 |
| 942 ## - Elementos de entrada adicionados (Koha) | |
| Tipo de item no Koha | Monografias |
| Suprimido | Disponível no OPAC |
| 999 ## - Campo local | |
| Campo local | 51229 |
| Perdido (estado) | Data de aquisição | Origem do registo (biblioteca) (codificado) | Código da organização que empresta ou é detentora (biblioteca) | Código de barras | Número de inventário | Cota | Tipo de circulação (não pode ser emprestado) | Tipo de item e material |
|---|---|---|---|---|---|---|---|---|
| Disponível | 2011-12-30 | Biblioteca EB23 D. Paio Peres Correia | Biblioteca EB23 D. Paio Peres Correia | BEBDPPC5825 | 5825 | 82.03-34 WOL | Normal | Monografias |